000
00314nam a22001337a 4500
008
170712b xxu||||| |||| 00| 0 eng d
020
_a
0156585723
041
_a
eng
080
_a
038
100
_a
23
101
_a
FJA
245
_a
MEDICAL MEANINGS/ A GLOSSARY OF WORD ORIGINS
_c
HAUBRICH, W.S
942
_2
udc
_c
BK
999
_c
20307
_d
20307